02007cam a2200397 i 4500001001000000003000900010005001700019007000300036008004100039040003000080082002900110111017600139245009800315260005600413300002100469336002700490337003300517338002800550500018300578504004100761590002800802650009500830650006800925651008600993700002701079700002501106700002601131700002401157700002301181710008201204910004101286942001401327952012301341952013001464999001501594000004546DO-SdBNP20230508103212.0ta090723s1989 dr 000 0 spa d aDO-SdBNPbspacBNPHUerda 4a304.873097293bC749d2221 aCongreso Internacional sobre Cifras y Políticas de la Migración Dominicana a los Estados Unidosd(24-25 de junio de 1988cSanto Domingo, República Dominicana)91328210aDominicanos ausentes :bcifras, políticas, condiciones sociales /cE. Georges ... [et al.]. aSanto Domingo :bFundación Friedrich Ebert,c1989 a250 p. ;c22 cm. 2rdacontentatextobtxt 2rdamediaasin mediaciónbn avolumenbnc2rdacarrier a¨Ponencias presentadas en una conferencia internacional sobre cifras y políticas de la migración dominicana a los Estados Unidos los días 24 y 25 de junio de 1988¨.-- p.7 aIncluye referencias bibliográficas aInventariado, 2023 / DG 4aDominicanos (república dominicana)zEstados UnidosvCONGRESOS, CONFERENCIAS, ETC.913283 4aInmigranteszEstados UnidosvCONGRESOS, CONFRENCIAS, ETC913284 4aEstados UnidosxEmigración E InmigraciónvCONGRESOS, CONFERENCAS, ETC.9132851 aGeorges, Eugenia994801 aLarson, E. M.9831541 aMahler, S. J. 9831551 aMitchell, C.9831561 a Pessar, P.983157 aFondo Para el Avance de las Ciencias Sociales (República Dominicana)952427 aValidado. Control de calidad MMOLINA 2ddccLBS1 00102ddc51708PDaBNPHUbBNPHUcHDd2009-09-25oBNPHU PD 304.873097293 C749dp4546-10r2020-06-25w2020-06-25yLBS1 00102ddc51708PDaBNPHUbBNPHUcHDd2023-05-03oBNPHU PD 304.873097293 C749dp2023-1564r2023-05-03te.2w2023-05-03yLBS1 c4354d4354